Normal view MARC view

Entry Personal Name

Number of records used in: 1

001 - CONTROL NUMBER

  • control field: 9541

003 - CONTROL NUMBER IDENTIFIER

  • control field: DLC

005 - DATE AND TIME OF LATEST TRANSACTION

  • control field: 20230920155638.0

008 - FIXED-LENGTH DATA ELEMENTS

  • fixed length control field: 840131n| acannaab| |a aaa |||

010 ## - LIBRARY OF CONGRESS CONTROL NUMBER

  • LC control number: n 82243671

040 ## - CATALOGING SOURCE

  • Original cataloging agency: DLC
  • Transcribing agency: DLC
  • Modifying agency: DLC

100 10 - HEADING--PERSONAL NAME

  • Personal name: Mukherjee, S. N.
  • Fuller form of name: (Soumyendra Nath)

400 00 - SEE FROM TRACING--PERSONAL NAME

  • Personal name: Soumyendra Nath Mukherjee

400 10 - SEE FROM TRACING--PERSONAL NAME

  • Control subfield: nna
  • Personal name: Mukherjee, Soumyendra Nath

400 10 - SEE FROM TRACING--PERSONAL NAME

  • Personal name: Mukherjee, Soumyen

400 00 - SEE FROM TRACING--PERSONAL NAME

  • Personal name: Soumyen Mukherjee

670 ## - SOURCE DATA FOUND

  • Source citation: Women in India and Nepal, 1982:
  • Information found: t.p. (S.N. Mukherjee)

670 ## - SOURCE DATA FOUND

  • Source citation: His Words and worlds, 1983:
  • Information found: t.p. (S. N. Mukherjee) pref. (Soumyen Mukherjee, associate prof. in Hist., Sydney Univ., specialising in urban and social hist.)

670 ## - SOURCE DATA FOUND

  • Source citation: LC data base, 11/5/84
  • Information found: (hdg.: Mukherjee, Soumyendra Nath; usage: S. N. Mukherjee) LC manual auth. cd. (b. 1933)

Powered by Koha